Loading...

PROJECT MANAGEMENT: A PRACTICAL GUIDE

Bibliographic Details
Main Author: DERMOT DUFF, JOHN QUILLIAM
Format: Printed Book
Published: NEW DELHI VIVA BOOKS 2015
Edition:1
LEADER 00485nam a22001457a 4500
020 |a 978-81-309-3068-8 
082 |a 658.404 DER/PR 
100 |a DERMOT DUFF, JOHN QUILLIAM 
245 |a PROJECT MANAGEMENT: A PRACTICAL GUIDE 
250 |a 1 
260 |a NEW DELHI  |b VIVA BOOKS  |c 2015 
300 |a 96 
942 |2 ddc  |c BK 
999 |c 189810  |d 189810 
952 |0 0  |1 0  |2 ddc  |4 0  |6 658_404000000000000_DER_PR  |7 0  |8 NFIC  |9 196054  |a KAUCBV  |b KAUCBV  |c CHILD  |d 2017-09-19  |g 250.00  |o 658.404 DER/PR  |r 2017-09-19  |w 2017-09-19  |y BK